|
|
แสดงรายละเอียดบรรณานุกรม |
|
|
Brief Record
: Get Marc (ISO 2709)
: E-mail record
: |
|
|
| LEADER 00000nam 2200000uu 4500 | |||
| 001 209612 | |||
| 003 ULIBM | |||
| 008 140410s2555||||th 000 0 tha d | |||
| 020 ^a9789740330165 | |||
| 041 0 ^atha^beng | |||
| 060 4 ^aWL346 จ425ค 2555 | |||
| 100 0 ^aจิตติมา เจริญลิ้มประเสริฐ | |||
| 245 10 ^aคู่มือการออกกำลังกาย : ^bแบบช่วยทำการเคลื่อนไหวข้อต่อในผู้ป่วยอัมพาต (ความรู้เบื้องต้นสำหรับผู้ป่วยและผู้ดูแล)/^cจิตติมา เจริญลิ้มประเสริฐ. | |||
| 250 ^aพิมพ์ครั้งที่ 1 | |||
| 260 ^aกรุงเทพฯ : ^bสำนักพิมพ์แห่งจุฬาลงกรณ์มหาวิทยาลัย,^c2555. | |||
| 300 ^a47 หน้า ;^bภาพประกอบ + CD-ROM จำนวน 1 แผ่น. | |||
| 650 4 ^aการออกกำลังกาย ^xเครื่องมือและอุปกรณ์ | |||
| 650 4 ^aอัมพาต ^xผู้ป่วย ^xการฟื้นฟูสมรรถภาพ | |||
| 650 4 ^aอัมพาต ^xกายภาพบำบัด | |||
| 650 4 ^aการออกกำลังกาย ^xคู่มือ | |||
| 999 ^aใช้งานได้ทุกระบบ | |||
| คุณยังไม่ได้ล็อกอิน คุณสามารถมีกิจกรรมร่วมกับเว็บไซต์ได้ แต่ต้องล็อกอินก่อน :: |
|
| สถานะ | |||||||||
| 1. | หนังสือสำรอง | WL346 จ425ค 2555 | On Shelf ขอยืม | ||||||
| Note:ปีงบประมาณ 2557 | |||||||||
| 2. | หนังสือทั่วไป สถานะ=หนังสือเก่า - บริการ ณ ห้องสมุด (ห้องเหลือง) | WL346 จ425ค 2555 ฉ.2 | On Shelf ขอยืม | ||||||
| Note:ปีงบประมาณ 2557 | |||||||||
| 3. | หนังสือทั่วไป | WL346 จ425ค 2555 ฉ.6 | On Shelf ขอยืม | ||||||
| Note:ปีงบประมาณ 2557 | |||||||||
| 4. | หนังสือทั่วไป สถานะ=หนังสือเก่า - บริการ ณ ห้องสมุด (ห้องเหลือง) | WL346 จ425ค 2555 ฉ.7 | On Shelf ขอยืม | ||||||
| Note:ปีงบประมาณ 2557 | |||||||||
| 5. | หนังสือทั่วไป สถานะ=หนังสือเก่า - บริการ ณ ห้องสมุด (ห้องเหลือง) | WL346 จ425ค 2555 ฉ.10 | On Shelf ขอยืม | ||||||
| Note:ปีงบประมาณ 2557 | |||||||||
| [แสดง 10/10 รายการ] | |||||||||
| รายการใกล้เคียง ผู้แต่ง [จิตติมา เจริญลิ้มประเสริฐ] |
BibComment |
| คอมเมนท์ทรัพยากรรายการนี้ |
|
|